Integration, measure and probability
Αποθηκεύτηκε σε:
| Κύριος συγγραφέας: | |
|---|---|
| Μορφή: | Βιβλίο |
| Γλώσσα: | English |
| Δημοσίευση: |
Mineola, N.Y. :
Dover Publications,
2012
|
| Θέματα: | |
| Ετικέτες: |
Προσθήκη ετικέτας
Δεν υπάρχουν, Καταχωρήστε ετικέτα πρώτοι!
|
MARC
| LEADER | 00000nam a2200000 i 4500 | ||
|---|---|---|---|
| 001 | 1/68894 | ||
| 008 | 150324s2012 eng d | ||
| 020 | |a 978-0-486-48815-8 | ||
| 020 | |a 0-486-48815-2 | ||
| 035 | |l 10121441 | ||
| 040 | |a GR-MY-UA |b gre |e aacr | ||
| 041 | 0 | |a eng | |
| 082 | 0 | |a 515.42 |2 (23) | |
| 100 | 1 | |a Pitt, H. R. |q (Harry Raymond) |d 1914- | |
| 245 | 1 | 0 | |a Integration, measure and probability / |c H. R. Pitt |
| 260 | |a Mineola, N.Y. : |b Dover Publications, |c 2012 | ||
| 300 | |a viii, 110 σ.; |c 22 εκ. | ||
| 504 | |a Βιβλιογραφία: σ. [107]. Ευρετήριο | ||
| 650 | 0 | 0 | |a Probabilities. |
| 650 | 0 | 0 | |a Integrals. |
| 650 | 0 | 0 | |a Measure theory. |
| 852 | |a INST |b SAMOS |e 20150324 |h 515.42 PIT |p 005300042010 |q 005300042010 |t BK |y 0 | ||
| 901 | |a BIBL3-2015-1 | ||
| 909 | |a Σ |b 192032 | ||
| 922 | |a 3ΕΛΗ |b 201501 |c ΜΕΤΑΠΤΥΧΙΑΚΟ/ΤΜΗΜΑ ΜΑΘΗΜΑΤΙΚΩΝ |d ΔΡΕΣ | ||
| 970 | |a ΚΟΣΙΕΡΗΣ |b ΧΡΗΣΤΟΣ |z 2015/03/24 | ||